Southville International School and Colleges
Your cart is empty.
  • Cart
  • Lists
    Public lists Eva Luna New books Lux_list list_1
    Your lists Log in to create your own lists
  • Log in to your account
  • Your cookies
  • Search history
Southville International School and Colleges
  • Advanced search
  • Recent comments
  • Most popular
  • Libraries

Log in to your account

Log in with GOOGLE


If you do not have an external account, but do have a local account, you can still log in:

  1. Home
  2. MARC view: Three tragedies: romeo and juliet, hamlet, macbeth /
Normal view MARC view ISBD view

Three tragedies: romeo and juliet, hamlet, macbeth / (Record no. 288955)

[ view plain ]
MARC details
000 -LEADER
fixed length control field 00890cam a22002771 4500
001 - CONTROL NUMBER
control field HSB009220
003 - CONTROL NUMBER IDENTIFIER
control field PILC
005 - DATE AND TIME OF LATEST TRANSACTION
control field 20151110122155.0
008 - FIXED-LENGTH DATA ELEMENTS--GENERAL INFORMATION
fixed length control field 750613s1965 nyucf 000 0 eng
010 ## - LIBRARY OF CONGRESS CONTROL NUMBER
LC control number 65021869
020 ## - INTERNATIONAL STANDARD BOOK NUMBER
International Standard Book Number 0671722611
035 ## - SYSTEM CONTROL NUMBER
System control number (OCoLC)1392321
040 ## - CATALOGING SOURCE
Original cataloging agency DLC
Transcribing agency FO
Modifying agency OCoLC
-- DLC
050 00 - LIBRARY OF CONGRESS CALL NUMBER
Classification number PR 2808.A2 .Sh15r 1992
100 1# - MAIN ENTRY--PERSONAL NAME
Personal name Shakespeare, William,
Dates associated with a name 1564-1616.
245 00 - TITLE STATEMENT
Title Three tragedies: romeo and juliet, hamlet, macbeth /
Statement of responsibility, etc by William Shakespeare ; edited by Barbara A. Mowat and Paul Werstine.
260 ## - PUBLICATION, DISTRIBUTION, ETC. (IMPRINT)
Place of publication, distribution, etc New York,
Name of publisher, distributor, etc Washington Square Press
Date of publication, distribution, etc c1992.
300 ## - PHYSICAL DESCRIPTION
Extent 526 p. ;
Dimensions 17 cm.
440 #0 - SERIES STATEMENT/ADDED ENTRY--TITLE
Title The New Folger Library Shakespeare.
650 #0 - SUBJECT ADDED ENTRY--TOPICAL TERM
Topical term or geographic name as entry element Hamlet (Legendary character)
Form subdivision Drama.
650 #0 - SUBJECT ADDED ENTRY--TOPICAL TERM
Topical term or geographic name as entry element Princes
Geographic subdivision Denmark
Form subdivision Drama.
650 #0 - SUBJECT ADDED ENTRY--TOPICAL TERM
Topical term or geographic name as entry element Assassins
Form subdivision Drama.
700 1# - ADDED ENTRY--PERSONAL NAME
Personal name Mowat, Barbara A.
700 ## - ADDED ENTRY--PERSONAL NAME
Personal name Werstine, Paul.
942 ## - ADDED ENTRY ELEMENTS (KOHA)
Source of classification or shelving scheme Library of Congress Classification
Koha item type Books
Holdings
Withdrawn status Lost status Source of classification or shelving scheme Damaged status Home library Current library Shelving location Date acquired Source of acquisition Sub Shelving location Total Checkouts Full call number Barcode Date last seen Price effective from Koha item type Public note
    Library of Congress Classification   Luxembourg Library Luxembourg Library International Baccalaureate Section 11/10/2015 Library Fund     PR 2808.A2 .Sh15r 1992 20118 04/14/2016 11/10/2015 Books  
    Library of Congress Classification   Luxembourg Library Luxembourg Library International Baccalaureate Section 11/10/2015 Library Fund     PR 2808.A2 .Sh15r 1992 20119 04/14/2016 11/10/2015 Books  
    Library of Congress Classification   Luxembourg Library Luxembourg Library High School Section 10/16/2018 Donation     PR 2808.A2 .Sh15r 1992 20631 10/22/2018 10/16/2018 Books Donated by Charlie McNamara

Three tragedies: romeo and juliet, hamlet, macbeth /

APA

Shakespeare W., Mowat B. A. & Werstine P. (1992). Three tragedies: romeo and juliet, hamlet, macbeth. New York: Washington Square Press.

Chicago

Shakespeare William, Mowat Barbara A and Werstine Paul. 1992. Three tragedies: romeo and juliet, hamlet, macbeth. New York: Washington Square Press.

Harvard

Shakespeare W., Mowat B. A. and Werstine P. (1992). Three tragedies: romeo and juliet, hamlet, macbeth. New York: Washington Square Press.

MLA

Shakespeare William, Mowat Barbara A and Werstine Paul. Three tragedies: romeo and juliet, hamlet, macbeth. New York: Washington Square Press. 1992.

  • Place hold
  • Print
  • Cite
  • Add to your cart (remove)
  • Save record
    BIBTEX Dublin Core MARCXML MARC (non-Unicode/MARC-8) MARC (Unicode/UTF-8) MARC (Unicode/UTF-8, Standard) MODS (XML) RIS
  • More searches
    Search for this title in:
    Other Libraries (WorldCat) Other Databases (Google Scholar) Online Stores (Bookfinder.com) Open Library (openlibrary.org)

Exporting to Dublin Core...

SOUTHVILLE LIBRARY

Southville International School and Colleges Library

1281 Tropical Ave. Cor. Luxembourg St., BF Homes International, Las Pinas City

Tel. No. 8256374 / 252358 Loc. 117/146

Powered by Koha